Plus jeune joueur à atteindre les 400 buts - Statistiques

Statistiques générales
  • Ce quiz a été pris 187 fois
  • Le résultat moyen est 9 sur 10
Statistiques - réponses
Age (en A/M/J) Nation Joueur % Correct
26/10/24 France Kylian Mbappé
100%
28/11/01 Portugal Cristiano Ronaldo
99%
27/03/03 Argentine Lionel Messi
99%
30/06/16 Pologne Robert Lewandowski
92%
31/01/00 Uruguay Luis Suárez
87%
31/10/17 Belgique Romelu Lukaku
85%
29/09/01 Brésil Neymar Jr
83%
30/08/30 Angleterre Harry Kane
82%
33/08/24 Uruguay Edinson Cavani
81%
31/02/29 Argentine Sergio Agüero
55%
Aucun quiz correspondant
Distribution des résultats
% des personnes avec chaque résultat
Percentile par nombre de réponses
Votre historique - résultats
Vous n’avez pas pris ce quiz